Genshin Figuren (Patch 6.0) - Statistiken

Allgemein
  • Dieses Quiz wurde 114 mal gespielt
    113 seit der letzten Aktualisierung
  • Das Durchschnittsergebnis liegt bei 48 aus 103
Antwortstatistiken
Element Antwort % Korrekt
Anemo Venti
85%
Hydro Furina
80%
Elektro Shogun Raiden
80%
Pyro Diluc
78%
Kryo Kaeya
78%
Geo Zhongli
78%
Anemo Jean
77%
Dendro Nahida
72%
Elektro Lisa
68%
Pyro Mavuika
68%
Anemo Xiao
68%
Pyro Bennett
66%
Anemo Wanderer
66%
Hydro Barbara
65%
Pyro Klee
65%
Elektro Yae Miko
65%
Anemo Kaedahara Kazuha
63%
Dendro Tighnari
63%
Pyro Amber
62%
Kryo Kamisato Ayaka
60%
Kryo Qiqi
60%
Elektro Fischl
58%
Elektro Cyno
57%
Elektro Keqing
57%
Anemo Lynette
57%
Geo Albedo
55%
Geo Arataki Itto
55%
Kryo Diona
55%
Elektro Flins
55%
Hydro Kamisato Ayato
55%
Hydro Tartaglia
55%
Kryo Wriothesley
55%
Hydro Sangonomiya Kokomi
54%
Anemo Sayu
52%
Pyro Hu Tao
51%
Dendro Kaveh
51%
Elektro Kojou Sara
51%
Pyro Lyney
51%
Hydro Mona
51%
Kryo Shenhe
51%
Geo Xilonen
51%
Elektro Beidou
49%
Geo Gorou
49%
Elektro Razor
49%
Geo Alhaitham
48%
Pyro Arlecchino
48%
Anemo Lan Yan
48%
Hydro Mualani
48%
Anemo Saccharose
48%
Anemo Chasca
46%
Dendro Collei
46%
Dendro Kinich
46%
Dendro Lauma
46%
Geo Ningguang
46%
Pyro Thoma
46%
Anemo Yumemizuki Mizuki
46%
Kryo Eula
45%
Kryo Ganyu
45%
Kryo Skirk
45%
Anemo Faruzan
43%
Pyro Dehya
42%
Elektro Ineffa
42%
Hydro Neuvillette
42%
Kryo Rosaria
42%
Hydro Yelan
42%
Hydro Aino
40%
Kryo Chongyun
40%
Anemo Ifa
40%
Kryo Fréminet
38%
Elektro Ororon
38%
Dendro Yaoyao
38%
Pyro Gaming
37%
Geo Navia
37%
Elektro Varesa
37%
Pyro Yanfei
37%
Elektro Dori
35%
Anemo Xianyun
35%
Dendro Baizhu
34%
Kryo Citlali
34%
Elektro Iansan
34%
Geo Kachina
34%
Elektro Kuki Shinobu
34%
Pyro Yoimiya
34%
Geo Chiori
32%
Elektro Clorinde
32%
Kryo Escoffier
32%
Kryo Mika
29%
Geo Noelle
29%
Elektro Sethos
29%
Anemo Shikanoin Heizou
29%
Hydro Xingqiu
29%
Pyro Chevreuse
28%
Kryo Layla
28%
Hydro Nilou
28%
Hydro Sigewinne
28%
Pyro Xianling
28%
Dendro Émilie
26%
Dendro Kirara
26%
Pyro Xinyan
25%
Hydro Candace
23%
Kryo Charlotte
22%
Geo Yun Jin
22%
Hydro Dahlia
17%
Keine übereinstimmenden Quizze gefunden
Verteilung der Resultate
Anzahl Personen mit jedem Resultat
Perzentil nach korrekt beantworteten Fragen
Ihre Resultats-Entwicklung
Sie haben dieses Quiz seit der letzten Aktualisierung nicht gespielt